直升机 / (Record no. 10023)

MARC details
000 -LEADER
fixed length control field 00889nam a22001937a 4500
001 - CONTROL NUMBER
control field 10023
003 - CONTROL NUMBER IDENTIFIER
control field FISKH
005 - DATE AND TIME OF LATEST TRANSACTION
control field 20260401112822.0
008 - FIXED-LENGTH DATA ELEMENTS--GENERAL INFORMATION
fixed length control field 260330b cb ||||| |||| 00| 0 eng d
020 ## - INTERNATIONAL STANDARD BOOK NUMBER
International Standard Book Number 9787517605706
040 ## - CATALOGING SOURCE
Original cataloging agency FISKH
Language of cataloging chi
Transcribing agency FISKH
Modifying agency FISKH
082 ## - DEWEY DECIMAL CLASSIFICATION NUMBER
Classification number 629.13
100 ## - MAIN ENTRY--PERSONAL NAME
Personal name 娜塔莉·马歇尔
245 ## - TITLE STATEMENT
Title 直升机 /
Statement of responsibility, etc. 娜塔莉·马歇尔
300 ## - PHYSICAL DESCRIPTION
Extent 10 unnumbered pages :
Other physical details color illustrations ;
Dimensions 15 cm .
520 ## - SUMMARY, ETC.
Summary, etc. 这本书属于“忙忙碌碌的救援系列”,是一本专为幼儿设计的互动纸板书。<br/><br/>内容围绕直升机救援展开,通过简单的小故事和推拉机关,让孩子了解:<br/><br/>直升机的工作方式<br/>紧急救援场景<br/>基础交通工具知识<br/><br/>整本书语言简单、生动,配有可操作的机关设计,适合亲子共读,帮助孩子在玩中学习。
942 ## - ADDED ENTRY ELEMENTS (KOHA)
Source of classification or shelving scheme Dewey Decimal Classification
Koha item type Chinese Book
Suppress in OPAC No
Holdings
Withdrawn status Lost status Source of classification or shelving scheme Damaged status Not for loan Collection Home library Current library Shelving location Date acquired Total Checkouts Full call number Barcode Date last seen Price effective from Koha item type
    Dewey Decimal Classification     Reference Footprints International School Library Network Toul Tom Poung Campus Footprints International School Library Network Toul Tom Poung Campus Librarian's Shelf TTP 03/30/2026   娜塔莉·马歇尔 629.13 2026-0405 03/30/2026 03/30/2026 Books